Statistics for National Parks of California on a Map

Click here to take the quiz!

General Stats

  • This quiz has been taken 79 times
  • The average score is 7 of 9

Answers on the Map

Answers color-coded by a green-red scale on the quiz's map according to % correct below.
 

Answer Stats

National Park% Correct
Death Valley
91%
Yosemite
91%
Joshua Tree
88%
Redwood
82%
Sequoia
82%
Channel Islands
74%
Kings Canyon
68%
Lassen Volcanic
64%
Pinnacles
59%

Score Distribution

Percentile by Number Answered

Percent of People with Each Score

Your Score History

You have not taken this quiz